<?xml version="1.0" encoding="UTF-8"?>
<resp>
  <nextPage>https://data.bn.org.pl/api/networks/bibs.marcxml?marc=001+b00001150001342&amp;sinceId=1150001343</nextPage>
  <collection>
    <record xmlns='http://www.loc.gov/MARC21/slim'><leader>02453nam a2200589 i 4500</leader><controlfield tag='001'>b00001150001342</controlfield><controlfield tag='005'>20251105080010.0</controlfield><controlfield tag='008'>230609s        pl           |000 0 pol c</controlfield><controlfield tag='009'>9913262145905606</controlfield><datafield ind1=' ' ind2=' ' tag='020'><subfield code='a'>8371576161</subfield></datafield><datafield ind1=' ' ind2=' ' tag='035'><subfield code='a'>KR_1KR_1_20120317231501015205-48omnis_kr</subfield></datafield><datafield ind1=' ' ind2=' ' tag='035'><subfield code='a'>KR_1_20120317231501015205</subfield><subfield code='9'>ExL</subfield></datafield><datafield ind1=' ' ind2=' ' tag='035'><subfield code='a'>(PL)b00001150001342</subfield></datafield><datafield ind1=' ' ind2=' ' tag='040'><subfield code='a'>KR_1</subfield><subfield code='c'>KR_1</subfield></datafield><datafield ind1='1' ind2=' ' tag='041'><subfield code='a'>pol</subfield><subfield code='h'>eng</subfield></datafield><datafield ind1='1' ind2=' ' tag='100'><subfield code='a'>Headapohl, Bette</subfield></datafield><datafield ind1='1' ind2='0' tag='245'><subfield code='a'>Koncert dla zakochanych /</subfield><subfield code='c'>Bette Headapohl ; przeł. Ewa Górczyńska.</subfield></datafield><datafield ind1=' ' ind2=' ' tag='260'><subfield code='a'>W-wa :</subfield><subfield code='b'>&quot;Da Capo&quot;,</subfield><subfield code='c'>[1999].</subfield></datafield><datafield ind1=' ' ind2=' ' tag='300'><subfield code='a'>123 s. ;</subfield><subfield code='c'>19 cm.</subfield></datafield><datafield ind1='1' ind2=' ' tag='490'><subfield code='a'>Nie Dla Mamy, Nie Dla Taty, Lecz Dla Każdej Małolaty</subfield></datafield><datafield ind1=' ' ind2=' ' tag='500'><subfield code='a'>d</subfield></datafield><datafield ind1='1' ind2=' ' tag='700'><subfield code='a'>Górczyńska, Ewa</subfield><subfield code='e'>Tł.</subfield></datafield><datafield ind1=' ' ind2=' ' tag='852'><subfield code='8'>2212509250008216</subfield><subfield code='j'>1</subfield><subfield code='b'>KR_7_1</subfield><subfield code='p'>KR_7_0004679</subfield><subfield code='c'>KR_7_1_1</subfield></datafield><datafield ind1=' ' ind2=' ' tag='852'><subfield code='8'>22802793330008210</subfield><subfield code='j'>1</subfield><subfield code='b'>F02</subfield><subfield code='p'>10019977</subfield><subfield code='c'>UBYTKI_F02</subfield></datafield><datafield ind1=' ' ind2=' ' tag='852'><subfield code='8'>22802793270008210</subfield><subfield code='j'>1</subfield><subfield code='b'>F06</subfield><subfield code='p'>10019989</subfield><subfield code='c'>UBYTKI_F06</subfield></datafield><datafield ind1=' ' ind2=' ' tag='852'><subfield code='8'>22805937750008210</subfield><subfield code='j'>1</subfield><subfield code='b'>F08</subfield><subfield code='p'>10019987</subfield><subfield code='c'>UBYTKI_F08</subfield></datafield><datafield ind1=' ' ind2=' ' tag='852'><subfield code='8'>22806041680008210</subfield><subfield code='j'>1</subfield><subfield code='b'>F13</subfield><subfield code='p'>10019991</subfield><subfield code='c'>UBYTKI_F13</subfield></datafield><datafield ind1=' ' ind2=' ' tag='852'><subfield code='8'>22802793310008210</subfield><subfield code='j'>1</subfield><subfield code='b'>F15</subfield><subfield code='p'>10019995</subfield><subfield code='c'>UBYTKI_F15</subfield></datafield><datafield ind1=' ' ind2=' ' tag='852'><subfield code='8'>22802793290008210</subfield><subfield code='j'>1</subfield><subfield code='b'>F18</subfield><subfield code='p'>10019994</subfield><subfield code='c'>UBYTKI_F18</subfield></datafield><datafield ind1=' ' ind2=' ' tag='852'><subfield code='8'>22806041680008210</subfield><subfield code='j'>1</subfield><subfield code='b'>F13</subfield><subfield code='p'>10019993</subfield><subfield code='c'>UBYTKI_F13</subfield></datafield><datafield ind1=' ' ind2=' ' tag='852'><subfield code='8'>22802793220008210</subfield><subfield code='j'>1</subfield><subfield code='b'>F12</subfield><subfield code='p'>10019975</subfield><subfield code='c'>UBYTKI_F12</subfield></datafield><datafield ind1=' ' ind2=' ' tag='852'><subfield code='8'>22805975540008210</subfield><subfield code='j'>1</subfield><subfield code='b'>F11</subfield><subfield code='p'>10019969</subfield><subfield code='c'>UBYTKI_F11</subfield></datafield><datafield ind1=' ' ind2=' ' tag='852'><subfield code='8'>22805975540008210</subfield><subfield code='j'>1</subfield><subfield code='b'>F11</subfield><subfield code='p'>10019984</subfield><subfield code='c'>UBYTKI_F11</subfield></datafield><datafield ind1=' ' ind2=' ' tag='852'><subfield code='8'>22802793120008210</subfield><subfield code='j'>1</subfield><subfield code='b'>F09</subfield><subfield code='p'>10019980</subfield><subfield code='c'>UBYTKI_F09</subfield></datafield><datafield ind1=' ' ind2=' ' tag='852'><subfield code='8'>22806025280008210</subfield><subfield code='j'>1</subfield><subfield code='b'>F14</subfield><subfield code='p'>10019973</subfield><subfield code='c'>UBYTKI_F14</subfield></datafield><datafield ind1=' ' ind2=' ' tag='852'><subfield code='b'>48OMNIS_NETWORK</subfield><subfield code='8'>9913262145905606</subfield></datafield><datafield ind1=' ' ind2=' ' tag='852'><subfield code='b'>48OMNIS_MBPG</subfield><subfield code='8'>991002339519708210</subfield></datafield><datafield ind1=' ' ind2=' ' tag='852'><subfield code='b'>48OMNIS_KR</subfield><subfield code='8'>991000013419708216</subfield></datafield><datafield ind1=' ' ind2=' ' tag='852'><subfield code='8'>22802793100008210</subfield><subfield code='j'>1</subfield><subfield code='b'>F03</subfield><subfield code='p'>10019981</subfield><subfield code='c'>UBYTKI_F03</subfield></datafield><datafield ind1=' ' ind2=' ' tag='852'><subfield code='8'>22802793350008210</subfield><subfield code='j'>1</subfield><subfield code='b'>F10</subfield><subfield code='p'>10019990</subfield><subfield code='c'>UBYTKI_F10</subfield></datafield><datafield ind1=' ' ind2=' ' tag='852'><subfield code='8'>22805937750008210</subfield><subfield code='j'>1</subfield><subfield code='b'>F08</subfield><subfield code='p'>10019968</subfield><subfield code='c'>UBYTKI_F08</subfield></datafield><datafield ind1=' ' ind2=' ' tag='852'><subfield code='8'>22802793200008210</subfield><subfield code='j'>1</subfield><subfield code='b'>F20</subfield><subfield code='p'>10019979</subfield><subfield code='c'>UBYTKI_F20</subfield></datafield><datafield ind1=' ' ind2=' ' tag='852'><subfield code='8'>22802793160008210</subfield><subfield code='j'>1</subfield><subfield code='b'>F16</subfield><subfield code='p'>10019972</subfield><subfield code='c'>UBYTKI_F16</subfield></datafield><datafield ind1=' ' ind2=' ' tag='852'><subfield code='8'>22802793180008210</subfield><subfield code='j'>1</subfield><subfield code='b'>F09</subfield><subfield code='p'>10019988</subfield><subfield code='c'>Ubytki05</subfield></datafield><datafield ind1=' ' ind2=' ' tag='852'><subfield code='8'>22805796360008210</subfield><subfield code='j'>1</subfield><subfield code='b'>F01</subfield><subfield code='p'>10019985</subfield><subfield code='c'>UBYTKI_F01</subfield></datafield><datafield ind1=' ' ind2=' ' tag='852'><subfield code='8'>22805796360008210</subfield><subfield code='j'>1</subfield><subfield code='b'>F01</subfield><subfield code='p'>10019982</subfield><subfield code='c'>UBYTKI_F01</subfield></datafield><datafield ind1=' ' ind2=' ' tag='852'><subfield code='8'>22805796360008210</subfield><subfield code='j'>1</subfield><subfield code='b'>F01</subfield><subfield code='p'>10019978</subfield><subfield code='c'>UBYTKI_F01</subfield></datafield><datafield ind1=' ' ind2=' ' tag='852'><subfield code='8'>22806025280008210</subfield><subfield code='j'>1</subfield><subfield code='b'>F14</subfield><subfield code='p'>10019974</subfield><subfield code='c'>UBYTKI_F14</subfield></datafield><datafield ind1=' ' ind2=' ' tag='920'><subfield code='a'>83-7157-616-1</subfield></datafield></record>
  </collection>
</resp>
